नील छवि / (Record no. 62111)

MARC details
000 -LEADER
fixed length control field 01141nam a22002057a 4500
005 - DATE AND TIME OF LATEST TRANSACTION
control field 20180919151117.0
010 ## - LCCN (DPL NO)
LC control number B-471221-224
020 ## - INTERNATIONAL STANDARD BOOK NUMBER
International Standard Book Number 9788171193608
Terms of availability 125.00
035 ## - SYSTEM CONTROL NUMBER
System control number B-471221-224, A-677031
037 ## - SOURCE OF ACQUISITION
Source of stock number/acquisition के.के.पब्लिकेशंस
082 ## - DEWEY DECIMAL CLASSIFICATION NUMBER
Classification number
100 ## - MAIN ENTRY--PERSONAL NAME
Personal name महाश्वेता देवी
245 ## - TITLE STATEMENT
Title नील छवि /
Statement of responsibility, etc महाश्वेता देवी;माहेश्वर द्वारा अनुदित
260 ## - PUBLICATION, DISTRIBUTION, ETC. (IMPRINT)
Place of publication, distribution, etc नई दिल्ली
Name of publisher, distributor, etc राधाकृष्ण प्रकाशन
Date of publication, distribution, etc 2008
270 ## - ADDRESS
Address 7/31, अंसारी मार्ग, दरियागंज
City नई दिल्ली
Postal code 110002
300 ## - PHYSICAL DESCRIPTION
Extent 198पृ.
Dimensions 19सेमी (सजिल्द)
700 ## - ADDED ENTRY--PERSONAL NAME
Personal name माहेश्वर
9 (RLIN) 41026
942 ## - ADDED ENTRY ELEMENTS (KOHA)
Source of classification or shelving scheme Dewey Decimal Classification
Item type Hindi Books
Classification part
Call number suffix महाश्वे
Holdings
Withdrawn status Lost status Not for loan Home library Current library Date acquired Cost, normal purchase price Full call number Cost, replacement price Koha item type Collection code Source of acquisition Barcode Copy number
    Ordered Andrews Gunj Andrews Gunj 07/02/2012 125.00 उ महाश्वे 125.00 Hindi Books        
Withdrawn     Janak Puri Janak Puri 21/06/2012 125.00 उ महाश्वे 125.00 Hindi Books Fiction के.के.पब्लिकेशंस/1884/24.03.12/35/20.03.12/29.03.12 B-471223 1
      Karol Bagh Karol Bagh 21/06/2012 125.00 उ महाश्वे 125.00 Hindi Books Fiction के.के.पब्लिकेशंस/1884/24.03.12/35/20.03.12/29.03.12 B-471224 1
      Kasturba Gandhi Marg Kasturba Gandhi Marg 21/06/2012 125.00 उ महाश्वे 125.00 Hindi Books Fiction के.के.पब्लिकेशंस/1884/24.03.12/35/20.03.12/29.03.12 B-471222 1
      Patel Nagar Patel Nagar 21/06/2012 125.00 उ महाश्वे 125.00 Hindi Books Fiction के.के.पब्लिकेशंस/1884/24.03.12/35/20.03.12/29.03.12 B-471221 1
      Shahdara Branch Shahdara Branch 19/09/2018 75.00 उ महाश्वे 75.00 Hindi Books Fiction BPPD/PUB A-677031  

© Delhi Public Library
Hit Counter
free hit counter